000 00492nam a2200169 i 4500
001 72959
003 ES-MaACL
005 20231209062940.0
007 t|
008 040903s1971 sp ||||1| spa d
100 1 _aGómez-Santos, Marino,
_d1930-2020
_958158
245 1 0 _aVida de Gregorio Marañón /
_cMarino Gómez-Santos.
260 _a[Madrid] :
_bTaurus,
_c[1971]
300 _a546 p., 56 lám. ;
_c24 cm.
852 _aES-MaACL
_jC-38202
_bR.79584
999 _c72959
_d72959